[Event "Elista ol (Men)"]
[Site "Elista"]
[Date "1998.10.12"]
[Round "13"]
[White "Hernandez, Gilberto"]
[Black "Kakageldyev, Amanmurad"]
[Result "1-0"]
[WhiteElo "2520"]
[BlackElo "2475"]
[PlyCount "103"]
[EventDate "1998.09.29"]
[Source "ChessBase"]
[SourceDate "1998.11.06"]

1. e4 e5 2. Nf3 Nc6 3. Bb5 a6 4. Ba4 Nf6 5. O-O Be7 6. Re1 b5 7. Bb3 d6 8. c3 O-O 9. Bc2 Na5 10. d4 c5 11. Nbd2 Qc7 12. d5 Nc6 13. Nf1 Nd8 14. a4 Ne8 15. b4 Rb8 16. h3 g6 17. Be3 Ng7 18. c4 bxa4 19. bxc5 dxc5 20. Bxa4 Bd6 21. Rb1 Rxb1 22. Qxb1 f5 23. Qb2 f4 24. Bd2 Nf7 25. Rb1 g5 26. N3h2 h5 27. Bd1 Nh6 28. Qb6 Qd7 29. Bc3 Kh7 30. Nd2 g4 31. hxg4 hxg4 32. Nxg4 Nxg4 33. Bxg4 Qxg4 34. Qxd6 f3 35. Nxf3 Rxf3 36. Qxe5 Rf7 37. Rb8 Qd1+ 38. Kh2 Qg4 39. f3 Qh4+ 40. Kg1 Bd7 41. Rf8 Re7 42. Qf6 Qxf6 43. Bxf6 Re8 44. Rf7 Kg6 45. Rxg7+ Kxf6 46. Rxd7 Ke5 47. Ra7 Kd4 48. Rxa6 Kxc4 49. Kf2 Kd4 50. Rc6 c4 51. d6 c3 52. Ke2 1-0

[Event "Katowice Open"]
[Site "Katowice POL"]
[Date "1992.??.??"]
[Round "6"]
[White "Korneev, Oleg"]
[Black "Dydyshko, Viacheslav"]
[Result "1-0"]
[WhiteElo "2465"]
[BlackElo "2500"]
[PlyCount "75"]
[EventDate "1992.01.??"]
[Source "www.chesslib.no"]
[SourceDate "2004.05.04"]

1. e4 e5 2. Nf3 Nc6 3. Bb5 a6 4. Ba4 Nf6 5. O-O Be7 6. Re1 b5 7. Bb3 d6 8. c3 Na5 9. Bc2 c5 10. d4 Qc7 11. Nbd2 Bd7 12. dxe5 dxe5 13. h3 O-O 14. Nh2 c4 15. Ndf1 Kh8 16. Ng4 Rad8 17. Qf3 Be6 18. Nfe3 Nb7 19. Nxf6 Bxf6 20. Nd5 Bxd5 21. exd5 Nd6 22. a4 Rfe8 23. axb5 axb5 24. Ra6 e4 25. Qg3 Be5 26. Bf4 Bxf4 27. Qxf4 f5 28. Rea1 Qe7 29. Rb6 Rd7 30. Raa6 Red8 31. h4 g6 32. b3 Ne8 33. bxc4 bxc4 34. Re6 Qf7 35. Ba4 Rxd5 36. h5 g5 37. Qxg5 f4 38. Qxd5 1-0

[Event "GRE-ch"]
[Site "GRE"]
[Date "1994.??.??"]
[Round "6"]
[White "Kotronias, Vasilios"]
[Black "Kofidis, Andreas"]
[Result "1/2-1/2"]
[WhiteElo "2545"]
[BlackElo "2385"]
[PlyCount "97"]
[EventDate "1994.??.??"]
[Source "ChessBase"]

1. e4 e5 2. Nf3 Nc6 3. Bb5 a6 4. Ba4 Nf6 5. O-O Be7 6. Re1 b5 7. Bb3 d6 8. c3 Na5 9. Bc2 c5 10. d4 Qc7 11. a4 b4 12. Nbd2 Rb8 13. cxb4 cxb4 14. Nb3 O-O 15. Nxa5 Qxa5 16. h3 Bb7 17. d5 Rfc8 18. Be3 Nd7 19. Nd2 Nc5 20. Qe2 Ba8 21. Nc4 Qc7 22. b3 a5 23. f4 Bb7 24. fxe5 dxe5 25. Qh5 f6 26. Rad1 Bd6 27. Qg4 Ba6 28. Nxd6 Qxd6 29. Rd2 Rc7 30. Qg3 Rbc8 31. Qf2 Nd7 32. Bd1 Rc3 33. Rc2 Bd3 34. Rxc3 bxc3 35. Bc2 Bxc2 36. Qxc2 Nb8 37. Bf2 Na6 38. Re3 Nb4 39. Rxc3 Nxc2 40. Rxc8+ Kf7 41. Rxc2 Qb4 42. Rc7+ Kg6 43. Kh2 Qxe4 44. d6 Qd5 45. d7 e4 46. Bb6 Qd6+ 47. Kh1 Qd1+ 48. Kh2 Qd6+ 49. Kh1 1/2-1/2

[Event "Open"]
[Site "?"]
[Date "2003.05.??"]
[Round "?"]
[White "Lahno Katerina"]
[Black "Kuzmin Gennadi P"]
[Result "1/2-1/2"]
[WhiteElo "2417"]
[BlackElo "2508"]
[PlyCount "30"]
[EventDate "2003.??.??"]
[Source "www.chesslib.no"]
[SourceDate "2004.05.04"]

1. e4 e5 2. Nf3 Nc6 3. Bb5 a6 4. Ba4 Nf6 5. O-O b5 6. Bb3 Be7 7. Re1 d6 8. c3 Na5 9. Bc2 c5 10. h3 Nc6 11. d4 cxd4 12. cxd4 Nxd4 13. Nxd4 exd4 14. Qxd4 O-O 15. Nc3 Bb7 1/2-1/2

[Event "Zagreb CRO"]
[Site "?"]
[Date "2006.01.19"]
[Round "6"]
[White "Palac Mladen"]
[Black "Kristovic Marijan"]
[Result "1-0"]
[WhiteElo "2571"]
[BlackElo "2336"]
[PlyCount "113"]
[EventDate "2006.??.??"]
[Source "www.chesslib.no"]
[SourceDate "2004.05.04"]

1. e4 e5 2. Nf3 Nc6 3. Bb5 a6 4. Ba4 Nf6 5. O-O Be7 6. Re1 b5 7. Bb3 d6 8. c3 Na5 9. Bc2 c5 10. d4 cxd4 11. cxd4 Qc7 12. h3 h6 13. Nbd2 Bb7 14. d5 Nc4 15. Nxc4 bxc4 16. Re3 Rc8 17. Rc3 Qb6 18. Be3 Qxb2 19. Qe1 Qb5 20. Rb1 Qd7 21. Nd2 O-O 22. Nxc4 Qc7 23. Bd2 Nd7 24. Nxe5 Nc5 25. Nd3 Bf6 26. Rc4 Nxd3 27. Bxd3 Qe7 28. Rcb4 Rc7 29. Qe3 Bc8 30. Rb6 Bc3 31. Rc1 Bxd2 32. Qxd2 f5 33. Rxc7 Qxc7 34. Rc6 Qe7 35. Qc2 fxe4 36. Bxe4 Bf5 37. Bxf5 Qe1+ 38. Kh2 Qe5+ 39. g3 Qxf5 40. Qxf5 Rxf5 41. Kg2 Rxd5 42. Rxa6 Kf7 43. Kf3 Ke6 44. a4 g6 45. Ra8 Rd3+ 46. Ke2 Ra3 47. a5 Kf6 48. a6 d5 49. a7 Kg7 50. f4 h5 51. g4 d4 52. f5 hxg4 53. hxg4 gxf5 54. gxf5 Ra2+ 55. Kd3 Ra4 56. f6+ Kf7 57. Rh8 1-0

[Event "URS-qual U20"]
[Site "Jurmala"]
[Date "1989.??.??"]
[Round "?"]
[White "Ulibin, Mikhail"]
[Black "Frolov, Artur"]
[Result "1-0"]
[WhiteElo "2445"]
[BlackElo "2445"]
[PlyCount "99"]
[EventDate "1989.??.??"]
[Source "ChessBase"]

1. e4 e5 2. Nf3 Nc6 3. Bb5 a6 4. Ba4 Nf6 5. O-O Be7 6. Re1 b5 7. Bb3 d6 8. c3 Na5 9. Bc2 c5 10. d4 Qc7 11. Nbd2 O-O 12. d5 c4 13. Nf1 Nb7 14. h3 Nc5 15. b4 cxb3 16. axb3 Bd7 17. Bd2 a5 18. Qb1 Rfc8 19. Ne3 Qd8 20. b4 axb4 21. Rxa8 Rxa8 22. cxb4 Na4 23. Bd3 Qb8 24. Rc1 Qb7 25. Nd1 Bd8 26. Be3 Bb6 27. Nd2 Nh5 28. Nb3 Nf4 29. Bf1 h5 30. Kh2 h4 31. Bxb6 Qxb6 32. Ne3 g6 33. Rc2 Rc8 34. Rxc8+ Bxc8 35. Qc2 Bd7 36. Na5 f5 37. exf5 Bxf5 38. Qc6 Qd4 39. Qxd6 Qb2 40. Qd8+ Kg7 41. Qe7+ Kg8 42. d6 Bxh3 43. d7 Bxd7 44. Qd8+ Kg7 45. Qxd7+ Kh6 46. Qe7 Kh5 47. Nc6 Qxf2 48. Qxe5+ g5 49. Qh8+ Kg6 50. Ne5# 1-0

[Event "Herceg Novi Mimoza op"]
[Site "Herceg Novi"]
[Date "2002.02.08"]
[Round "7"]
[White "Djukic, Nikola"]
[Black "Radulski, Julian"]
[Result "0-1"]
[WhiteElo "2383"]
[BlackElo "2499"]
[PlyCount "64"]
[EventDate "2002.02.04"]
[Source "ChessBase"]
[SourceDate "2002.03.14"]

1. e4 e5 2. Nf3 Nc6 3. Bb5 a6 4. Ba4 Be7 5. O-O Nf6 6. Re1 b5 7. Bb3 d6 8. c3 Na5 9. Bc2 c5 10. d4 Qc7 11. Nbd2 O-O 12. Nf1 cxd4 13. cxd4 Bg4 14. Ne3 Bxf3 15. Qxf3 Nc6 16. d5 Nd4 17. Qd1 Bd8 18. a4 b4 19. Bd3 Nd7 20. Nc4 Nc5 21. Be3 Ncb3 22. Rb1 a5 23. f4 Rc8 24. Qg4 Bf6 25. Bxd4 Nxd4 26. g3 b3 27. Kh1 Qc5 28. Qd7 Qb4 29. Ne3 Nc2 30. Nxc2 bxc2 31. Rbc1 exf4 32. gxf4 Bxb2 0-1

[Event "Open"]
[Site "?"]
[Date "2005.09.29"]
[Round "7"]
[White "Alexeev Alexey"]
[Black "Obukhov Alexander"]
[Result "0-1"]
[WhiteElo "2356"]
[BlackElo "2522"]
[PlyCount "72"]
[EventDate "2005.??.??"]
[Source "www.chesslib.no"]
[SourceDate "2004.05.04"]

1. e4 e5 2. Nf3 Nc6 3. Bb5 a6 4. Ba4 Nf6 5. O-O Be7 6. Re1 b5 7. Bb3 d6 8. c3 Na5 9. Bc2 c5 10. d4 Qc7 11. d5 Nc4 12. a4 Nb6 13. axb5 axb5 14. Rxa8 Nxa8 15. b3 O-O 16. Qe2 Bd7 17. Bd3 Qb7 18. Na3 b4 19. cxb4 Qxb4 20. Nd2 Nc7 21. Bb2 Ra8 22. Ra1 Nfe8 23. Qd1 Bg5 24. Ndc4 g6 25. Rb1 Ra7 26. g3 Bd8 27. Qc1 Qxb3 28. Qe3 Bg5 29. Qe2 Qb8 30. Bxe5 Qd8 31. Bb2 Bf6 32. Kg2 Bxb2 33. Qxb2 Na6 34. Qb6 Ra8 35. Nxd6 Nxd6 36. Qxd6 Bh3+ 0-1

[Event "Spring Open"]
[Site "Budapest HUN"]
[Date "1993.??.??"]
[Round "8"]
[White "Szalanczy, Emil"]
[Black "Petran, Pal"]
[Result "0-1"]
[WhiteElo "2365"]
[BlackElo "2485"]
[PlyCount "136"]
[EventDate "1993.??.??"]
[Source "www.chesslib.no"]
[SourceDate "2004.05.04"]

1. e4 e5 2. Nf3 Nc6 3. Bb5 a6 4. Ba4 Nf6 5. O-O Be7 6. Re1 b5 7. Bb3 d6 8. c3 Na5 9. Bc2 c5 10. d4 Qc7 11. h3 Bd7 12. Nbd2 cxd4 13. cxd4 Rc8 14. Bb1 Nc6 15. Nb3 O-O 16. d5 Nd8 17. Be3 Nb7 18. Bd3 Qb8 19. Qd2 h6 20. Rac1 Rxc1 21. Rxc1 Rc8 22. Rf1 Qc7 23. Nh2 Nh7 24. f4 exf4 25. Bxf4 Bg5 26. e5 dxe5 27. Bxh7+ Kxh7 28. Bxg5 hxg5 29. Rxf7 Nd6 30. Rf1 g4 31. hxg4 Kg8 32. Qf2 Qc4 33. Qa7 Qc7 34. Qxc7 Rxc7 35. Rc1 Rc4 36. Rxc4 Nxc4 37. Nc5 Bc8 38. b3 Nb6 39. d6 Kf7 40. Kf2 Nd7 41. Ne4 Bb7 42. Nf3 Bxe4 43. Ng5+ Kf6 44. Nxe4+ Ke6 45. b4 Nf6 46. Nc5+ Kxd6 47. Kf3 Kd5 48. g5 Nh7 49. Kg4 g6 50. Nxa6 Nf8 51. Nc5 Ne6 52. Nd3 Kd4 53. Ne1 e4 54. g3 Ke3 55. Ng2+ Kf2 56. Nh4 e3 57. Nxg6 e2 58. Ne5 Ke3 59. Nf3 Nxg5 60. Ne1 Ne6 61. Kf5 Nd4+ 62. Kf6 Nf3 63. Ng2+ Kf2 64. Nf4 e1=Q 65. Nd3+ Ke3 66. Nxe1 Nxe1 67. Ke5 Nc2 68. Kd5 Nxb4+ 0-1

[Event "14. Open"]
[Site "?"]
[Date "2005.08.13"]
[Round "3"]
[White "Mastrovasilis Dimitrios"]
[Black "Fakhiridou Ekaterini"]
[Result "1-0"]
[WhiteElo "2563"]
[BlackElo "2272"]
[PlyCount "125"]
[EventDate "2005.??.??"]
[Source "www.chesslib.no"]
[SourceDate "2004.05.04"]

1. e4 e5 2. Nf3 Nc6 3. Bb5 a6 4. Ba4 Nf6 5. O-O Be7 6. Re1 b5 7. Bb3 d6 8. c3 Na5 9. Bc2 c5 10. d4 Qc7 11. d5 c4 12. b4 cxb3 13. axb3 O-O 14. Bd2 Nb7 15. b4 Nd7 16. Na3 Nb6 17. Bd3 Bd7 18. Qe2 Rfc8 19. Rec1 Nc4 20. Nxc4 bxc4 21. Bc2 a5 22. Qe3 h6 23. h3 Bd8 24. Ra3 Ra6 25. Rca1 Rca8 26. Qe1 Bb5 27. Qb1 axb4 28. Rxa6 Rxa6 29. cxb4 c3 30. Rxa6 Bxa6 31. Be1 Qc4 32. Qa1 Bb6 33. Qxc3 Qf1+ 34. Kh2 Bxf2 35. Qc8+ Kh7 36. Ng5+ hxg5 37. Qf5+ Kg8 38. Qxf2 Qxf2 39. Bxf2 Bb5 40. Kg3 Kf8 41. Kf3 Ke7 42. Bd1 f6 43. Be2 Bxe2+ 44. Kxe2 Nd8 45. Kf3 g6 46. Be3 Nf7 47. g3 f5 48. exf5 gxf5 49. h4 f4 50. Bg1 gxh4 51. gxh4 Nh6 52. h5 Kd7 53. Bb6 Ke7 54. Kg2 e4 55. b5 Ng4 56. Bd4 Kd7 57. Kh3 Nh6 58. Bg7 Nf7 59. Kg4 f3 60. Bd4 Ne5+ 61. Kg3 Nf7 62. Be3 Kc7 63. Kf4 1-0

[Event "Tch (Men) 2005/2006 SCG"]
[Site "?"]
[Date "2006.05.04"]
[Round "4"]
[White "Savicevic Vlatko"]
[Black "Radulski Julian"]
[Result "1/2-1/2"]
[WhiteElo "2336"]
[BlackElo "2490"]
[PlyCount "120"]
[EventDate "2006.??.??"]
[Source "www.chesslib.no"]
[SourceDate "2004.05.04"]

1. e4 e5 2. Nf3 Nc6 3. Bb5 a6 4. Ba4 Nf6 5. O-O Be7 6. Re1 b5 7. Bb3 d6 8. c3 Na5 9. Bc2 c5 10. d4 Qc7 11. a4 b4 12. cxb4 cxb4 13. Nbd2 O-O 14. Nf1 Bg4 15. Ne3 Bxf3 16. gxf3 Nc6 17. Nf5 g6 18. Nxe7+ Qxe7 19. Be3 Nh5 20. d5 Na5 21. Bd3 Rfc8 22. Rc1 Rxc1 23. Bxc1 Nb7 24. Bf1 Nc5 25. Bd2 a5 26. Kh1 Rc8 27. Bb5 Qf6 28. Be3 Nf4 29. Rg1 h5 30. Qc1 Kh7 31. Qd1 g5 32. Rg3 Kh6 33. Kg1 h4 34. Rg4 Qg6 35. Kh1 f5 36. exf5 Qxf5 37. Bxf4 exf4 38. Rg1 Qf6 39. Qe2 Nb3 40. Qe6 Rf8 41. Re1 Nc5 42. Qe2 Qg7 43. h3 Rf5 44. Qe8 Rf8 45. Qc6 Qf6 46. Re2 Qd8 47. Kg2 Kg7 48. Re1 Kf7 49. Re2 Qb8 50. Ba6 Rd8 51. Re1 Qa8 52. Bb5 Qb7 53. Rc1 Qxc6 54. dxc6 Rc8 55. Re1 Rc7 56. Kf1 Kf6 57. Re8 Ne6 58. Ra8 Nd4 59. Rxa5 Nxf3 60. Ra6 g4 1/2-1/2

[Event "Camp. bielorusso 2008"]
[Site "Minsk BLR"]
[Date "2008.01.16"]
[Round "7"]
[White "Zhigalko, Andrey"]
[Black "Borsuk, Yuriy"]
[Result "1/2-1/2"]
[WhiteElo "2556"]
[BlackElo "2268"]
[PlyCount "191"]
[EventDate "2008.01.10"]
[Source "www.chesslib.no"]
[SourceDate "2004.05.04"]

1. e4 e5 2. Nf3 Nc6 3. Bb5 a6 4. Ba4 Nf6 5. O-O Be7 6. Re1 b5 7. Bb3 d6 8. c3 Na5 9. Bc2 c5 10. d4 Nd7 11. b3 O-O 12. Be3 Bf6 13. d5 Nb7 14. Nbd2 Nb6 15. h3 Bd7 16. Kh2 a5 17. Rb1 b4 18. a4 bxa3 19. Ra1 a4 20. b4 Qc7 21. Bd3 Nc8 22. Nc4 Na7 23. Nxa3 Rfb8 24. Qe2 Nc8 25. Nd2 Nb6 26. Ra2 Qd8 27. Nf3 Qe8 28. Bd2 Rc8 29. Rb1 Bd8 30. Rab2 c4 31. Bc2 f5 32. g3 Qf7 33. Rd1 fxe4 34. Bxe4 Bf5 35. Bxf5 Qxf5 36. Be3 Qf7 37. Rbd2 h6 38. Kg2 e4 39. Nh2 Nd7 40. Nf1 Ne5 41. Bf4 Nd3 42. Qxe4 Bf6 43. Rc2 Re8 44. Qf3 Ne1+ 45. Rxe1 Rxe1 46. Nd2 Be5 47. Bxe5 Rxe5 48. Qxf7+ Kxf7 49. Ndxc4 Re1 50. Nb5 Ke7 51. Ra2 Re4 52. Nd2 Re2 53. Kf1 Re5 54. Nf3 Re4 55. Nd2 Re5 56. Nc4 Re4 57. Nd4 Kf6 58. f3 Ree8 59. Nc6 a3 60. N4a5 Nxa5 61. bxa5 Re3 62. Rxa3 Rxf3+ 63. Ke2 Rxg3 64. a6 Rxh3 65. a7 Rh2+ 66. Kf3 Rb2 67. Ra4 Rb3 68. Rf4+ Kg6 69. Rg4+ Kh7 70. Rc4 Ra3 71. Ke4 Kg6 72. Rb4 Kf6 73. Rb7 h5 74. Kd4 h4 75. Rd7 h3 76. Rxd6+ Kf5 77. Re6 g5 78. Re1 g4 79. d6 R3xa7 80. Nxa7 Rxa7 81. Rh1 Rh7 82. Ke3 Ke5 83. c4 Kxd6 84. Kf4 Rg7 85. Kg3 Ke5 86. c5 Kd5 87. Rc1 Kc6 88. Kh4 Rg8 89. Rc2 Rh8+ 90. Kg3 Rh5 91. Rh2 Rg5 92. Ra2 Kb5 93. Ra1 Rg8 94. Rc1 Rg6 95. c6 Rxc6 96. Rb1+ 1/2-1/2

[Event "Torneo MI-A"]
[Site "Marianske Lazne CEC"]
[Date "2009.01.19"]
[Round "3"]
[White "Rojicek, Vojtech"]
[Black "Marholev, Dimitar"]
[Result "1-0"]
[WhiteElo "2375"]
[BlackElo "2449"]
[PlyCount "61"]
[EventDate "2009.01.17"]
[Source "www.chesslib.no"]
[SourceDate "2004.05.04"]

1. e4 e5 2. Nf3 Nc6 3. Bb5 a6 4. Ba4 Nf6 5. O-O Be7 6. Re1 b5 7. Bb3 d6 8. c3 Na5 9. Bc2 c5 10. d4 Qc7 11. d5 O-O 12. h3 Bd7 13. b3 g6 14. Bh6 Rfe8 15. Qc1 Bf8 16. Bxf8 Kxf8 17. Qh6+ Ke7 18. Ng5 Rh8 19. f4 exf4 20. Nf3 Nh5 21. e5 Rae8 22. Nbd2 Kd8 23. Ng5 Rhf8 24. e6 fxe6 25. dxe6 Kc8 26. exd7+ Qxd7 27. Qxh7 Ng3 28. Qxd7+ Kxd7 29. Bxg6 Rxe1+ 30. Rxe1 Rg8 31. Ne6 1-0

[Event "Bad Sooden (22.04.-30.04)"]
[Site "?"]
[Date "2004.04.30"]
[Round "9"]
[White "Klovans Janis"]
[Black "Ljubarskij Juri"]
[Result "1/2-1/2"]
[WhiteElo "2464"]
[BlackElo "2317"]
[PlyCount "83"]
[EventDate "2004.??.??"]
[Source "www.chesslib.no"]
[SourceDate "2004.05.04"]

1. e4 e5 2. Nf3 Nc6 3. Bb5 a6 4. Ba4 Nf6 5. O-O Be7 6. Re1 b5 7. Bb3 d6 8. c3 Na5 9. Bc2 c5 10. d4 cxd4 11. cxd4 Nc6 12. d5 Nb8 13. a4 bxa4 14. Nc3 O-O 15. Nxa4 Nbd7 16. Be3 g6 17. Nd2 Ne8 18. Nc4 f5 19. exf5 gxf5 20. f4 e4 21. Qd2 Nef6 22. Na5 Qe8 23. Nc6 Ng4 24. Bd4 Bf6 25. h3 Nh6 26. Ra3 Qf7 27. Qb4 Bxd4+ 28. Qxd4 Qf6 29. Qxf6 Rxf6 30. Nc3 Kf8 31. g4 fxg4 32. Nxe4 Rxf4 33. Nxd6 Nf6 34. Nxc8 Rxc8 35. Rxa6 Nxd5 36. Bb3 Nf6 37. Ne5 gxh3 38. Rxf6+ Rxf6 39. Nd7+ Kg7 40. Nxf6 Kxf6 41. Kh2 Rb8 42. Rf1+ 1/2-1/2

[Event "WYb18"]
[Site "Kemer TUR"]
[Date "2007.11.22"]
[Round "6"]
[White "Howell, D."]
[Black "Borsuk, Y."]
[Result "1/2-1/2"]
[WhiteElo "2527"]
[BlackElo "2249"]
[PlyCount "85"]
[EventDate "2007.11.18"]
[Source "www.chesslib.no"]
[SourceDate "2004.05.04"]

1. e4 e5 2. Nf3 Nc6 3. Bb5 a6 4. Ba4 Nf6 5. O-O Be7 6. Re1 b5 7. Bb3 d6 8. c3 Na5 9. Bc2 c5 10. d4 Nd7 11. Nbd2 O-O 12. d5 Re8 13. b4 cxb4 14. cxb4 Nc4 15. Nxc4 bxc4 16. Nd2 Nb6 17. a4 a5 18. bxa5 Rxa5 19. Bb2 Qc7 20. Bc3 Ra8 21. a5 Nd7 22. Ba4 Ba6 23. Bc6 Rab8 24. Ra4 Rec8 25. Bb4 Bb5 26. Bxb5 Rxb5 27. Bc3 Rc5 28. Qc2 Qa7 29. a6 Nb6 30. Ra2 f5 31. f3 Rb5 32. Kh1 Bg5 33. Nf1 fxe4 34. fxe4 Rf8 35. Ng3 Bh4 36. Rb1 Bxg3 37. hxg3 Nd7 38. Raa1 Rxb1+ 39. Qxb1 Nc5 40. Qb5 Nxe4 41. Qxc4 Qe3 42. Be1 Qh6+ 43. Kg1 1/2-1/2

[Event "SGL 13th"]
[Site "Leipzig GER"]
[Date "1974.??.??"]
[Round "6"]
[White "Vogt, Lothar H"]
[Black "Blatny, Frantisek"]
[Result "1/2-1/2"]
[WhiteElo "2430"]
[BlackElo "2345"]
[PlyCount "83"]
[EventDate "1974.11.30"]
[Source "www.chesslib.no"]
[SourceDate "2004.05.04"]

1. e4 e5 2. Nf3 Nc6 3. Bb5 a6 4. Ba4 Nf6 5. O-O Be7 6. Re1 b5 7. Bb3 d6 8. c3 Na5 9. Bc2 c5 10. h3 Nc6 11. d4 Qc7 12. d5 Nd8 13. Nbd2 O-O 14. Nf1 Ne8 15. g4 f6 16. Ng3 Nf7 17. Nh2 g6 18. f4 exf4 19. Bxf4 Ng7 20. Bd3 Bd7 21. Rf1 Rae8 22. Rf2 Qc8 23. b3 Bd8 24. c4 Ne5 25. Bf1 Nf7 26. Qd2 f5 27. exf5 Bf6 28. Rd1 gxf5 29. Rg2 fxg4 30. hxg4 bxc4 31. bxc4 Bd4+ 32. Kh1 Ne5 33. Bxe5 Bxe5 34. Be2 Qd8 35. Bd3 Bf4 36. Qc3 Be5 37. Qc2 Qh4 38. Nf5 Bxf5 39. gxf5 Kh8 40. Qf2 Qh3 41. Qf3 Qh4 42. Qg4 1/2-1/2

[Event "BIH-ch team"]
[Site "?"]
[Date "1999.08.29"]
[Round "9"]
[White "Sinanovic Muhamed"]
[Black "Lekic Dusan"]
[Result "1/2-1/2"]
[WhiteElo "2381"]
[BlackElo "2381"]
[PlyCount "20"]
[EventDate "1999.??.??"]
[Source "www.chesslib.no"]
[SourceDate "2004.05.04"]

1. e4 e5 2. Nf3 Nc6 3. Bb5 a6 4. Ba4 Nf6 5. O-O Be7 6. Re1 b5 7. Bb3 d6 8. c3 Na5 9. Bc2 c5 10. d4 Qc7 1/2-1/2

[Event "Bucharest TICC"]
[Site "?"]
[Date "1997.??.??"]
[Round "?"]
[White "Moldovan Daniel"]
[Black "Pasarelu Dan"]
[Result "1-0"]
[WhiteElo "2435"]
[BlackElo "2320"]
[PlyCount "65"]
[EventDate "1997.??.??"]
[Source "www.chesslib.no"]
[SourceDate "2004.05.04"]

1. e4 e5 2. Nf3 Nc6 3. Bb5 a6 4. Ba4 Nf6 5. O-O b5 6. Bb3 Be7 7. Re1 d6 8. c3 Na5 9. Bc2 c5 10. d4 Qc7 11. Nbd2 O-O 12. b3 Bg4 13. d5 Nb7 14. h3 Bxf3 15. Nxf3 c4 16. b4 a5 17. Be3 axb4 18. cxb4 Ra3 19. Nd2 Rfa8 20. Nb1 R3a6 21. Nc3 Qd7 22. a4 bxa4 23. Rxa4 Qc8 24. Qb1 Bd8 25. Rxa6 Rxa6 26. Ba4 Bb6 27. b5 Rxa4 28. Nxa4 Bd4 29. Qb4 c3 30. Bxd4 exd4 31. Qxd4 c2 32. Qc3 Qe8 33. Qxc2 1-0

[Event "Rimavska Sobota"]
[Site "Rimavska Sobota"]
[Date "1974.??.??"]
[Round "8"]
[White "Gesos, Pavlos"]
[Black "Blatny, Frantisek"]
[Result "1-0"]
[WhiteElo "2390"]
[BlackElo "2345"]
[PlyCount "71"]
[EventDate "1974.??.??"]
[Source "ChessBase"]

1. e4 e5 2. Nf3 Nc6 3. Bb5 a6 4. Ba4 Nf6 5. O-O Be7 6. Re1 b5 7. Bb3 d6 8. c3 Na5 9. Bc2 c5 10. h3 Nc6 11. d4 Qc7 12. Nbd2 cxd4 13. cxd4 Bb7 14. Nf1 exd4 15. Ng3 Nb4 16. Bb1 d3 17. Bxd3 Nxd3 18. Qxd3 O-O 19. Bg5 h6 20. Rac1 Qd8 21. Bf4 Re8 22. Nd4 Bf8 23. Ndf5 Re6 24. Rcd1 Qb6 25. Bxd6 Rd8 26. e5 Qc6 27. Qf1 Bxd6 28. Nd4 Qb6 29. Nxe6 fxe6 30. exf6 Bd5 31. Qd3 Rf8 32. Nh5 Rf7 33. Qg6 Qd8 34. fxg7 Qh4 35. g3 Qxh3 36. Rxd5 1-0

[Event "Aegina Open"]
[Site "Aegina"]
[Date "1996.??.??"]
[Round "6"]
[White "Tzoumbas, Anastasios"]
[Black "Kofidis, Andreas"]
[Result "0-1"]
[WhiteElo "2355"]
[BlackElo "2380"]
[PlyCount "132"]
[EventDate "1996.??.??"]
[Source "www.chesslib.no"]
[SourceDate "2004.05.04"]

1. e4 e5 2. Nf3 Nc6 3. Bb5 a6 4. Ba4 Nf6 5. O-O Be7 6. Re1 b5 7. Bb3 d6 8. c3 Na5 9. Bc2 c5 10. h3 Qc7 11. a4 b4 12. cxb4 cxb4 13. d4 O-O 14. b3 Bb7 15. d5 Rfc8 16. Ra2 Nd7 17. g4 Nc5 18. Nbd2 Qb6 19. Nf1 Rc7 20. Ne3 Bc8 21. Bd2 Bd7 22. Rb2 Rac8 23. Kg2 Bf8 24. Re2 g6 25. Be1 Bh6 26. g5 Bg7 27. Ng4 Bxg4 28. hxg4 Rf8 29. Bd2 f6 30. gxf6 Bxf6 31. Bh6 Bg7 32. Be3 Qb7 33. Qh1 Qc8 34. Qh3 h5 35. Nh2 Kh7 36. Qh4 Bf6 37. Qh3 Kg7 38. gxh5 Qxh3+ 39. Kxh3 gxh5 40. Nf1 h4 41. Bd2 Rb8 42. Ne3 Kg6 43. Nf5 Bg5 44. Be1 Ncxb3 45. Bxb3 Rc3+ 46. Bxc3 bxc3 47. Rbc2 Rxb3 48. Nxh4+ Kh5 49. Nf3 Bf4 50. Kg2 Nc4 51. Ne1 a5 52. Nd3 Bd2 53. Ra2 Rb1 54. f3 Ne3+ 55. Kf2 Rf1+ 56. Kg3 Rg1+ 57. Kh2 Rd1 58. Nf2 Rb1 59. Nd3 Kh4 60. Ra3 Nc4 61. Ra2 Ne3 62. Rf2 Rd1 63. Re2 c2 64. f4 exf4 65. e5 f3 66. Rxc2 Ng4# 0-1

[Event "It (Men) Marianske Lazne CZE"]
[Site "?"]
[Date "2005.01.28"]
[Round "7"]
[White "Sergeeva Maria"]
[Black "Talla Vladimir"]
[Result "0-1"]
[WhiteElo "2312"]
[BlackElo "2417"]
[PlyCount "82"]
[EventDate "2005.??.??"]
[Source "www.chesslib.no"]
[SourceDate "2004.05.04"]

1. e4 e5 2. Nf3 Nc6 3. Bb5 a6 4. Ba4 Nf6 5. O-O Be7 6. Re1 b5 7. Bb3 d6 8. c3 Na5 9. Bc2 c5 10. d4 Qc7 11. Nbd2 O-O 12. Nf1 cxd4 13. cxd4 Bg4 14. Ne3 Bxf3 15. Qxf3 Nc6 16. Nf5 Nxd4 17. Nxd4 exd4 18. Bb3 Nd7 19. Qg3 Bf6 20. Bg5 Bxg5 21. Qxg5 Ne5 22. Red1 Qb6 23. Rac1 d3 24. h3 Qd4 25. Qd2 Rac8 26. Bd5 Rc5 27. Kh1 Rfc8 28. Rxc5 dxc5 29. f4 Nc4 30. Qxd3 Qxd3 31. Rxd3 Nxb2 32. Rd2 Na4 33. Bb7 Rb8 34. Bxa6 g6 35. Rd5 Rb6 36. Bc8 c4 37. Bg4 b4 38. Be2 b3 39. Bxc4 b2 40. Bd3 b1=Q+ 41. Bxb1 Rxb1+ 0-1

[Event "Cheliabinsk (Russia)"]
[Site "?"]
[Date "2005.01.??"]
[Round "8"]
[White "Alavkin Arseny"]
[Black "Vyatkin Dmitry"]
[Result "1-0"]
[WhiteElo "2476"]
[BlackElo "2222"]
[PlyCount "87"]
[EventDate "2005.??.??"]
[Source "www.chesslib.no"]
[SourceDate "2004.05.04"]

1. e4 e5 2. Nf3 Nc6 3. Bb5 a6 4. Ba4 Nf6 5. O-O Be7 6. Re1 b5 7. Bb3 d6 8. c3 Na5 9. Bc2 c5 10. d3 O-O 11. Nbd2 Re8 12. Nf1 Qc7 13. Ng3 Bf8 14. Bg5 Nd7 15. Nf5 Nb6 16. N3h4 f6 17. b4 Nc6 18. Be3 Be6 19. Nxd6 Bxd6 20. bxc5 Nc8 21. cxd6 Nxd6 22. a4 a5 23. axb5 Nxb5 24. Bd2 Red8 25. Nf5 Ra6 26. Bb3 Qd7 27. Re3 Kh8 28. Ba4 Nc7 29. Ng3 Bf7 30. Qf1 Rda8 31. d4 exd4 32. cxd4 Qxd4 33. Rd3 Qe5 34. Rc1 Ne7 35. f4 Qe6 36. Bb3 Qxb3 37. Rxb3 Bxb3 38. Rxc7 Rd6 39. Rxe7 Rxd2 40. Qb5 Bg8 41. Re8 Rxe8 42. Qxe8 Rc2 43. Nf5 Rc7 44. Ne7 1-0

[Event "Spring op"]
[Site "Budapest"]
[Date "1992.??.??"]
[Round "?"]
[White "Szalanczy, Emil"]
[Black "Borloy, Karoly"]
[Result "1-0"]
[WhiteElo "2420"]
[BlackElo "2255"]
[PlyCount "143"]
[EventDate "1992.03.??"]
[Source "ChessBase"]

1. e4 e5 2. Nf3 Nc6 3. Bb5 a6 4. Ba4 Nf6 5. O-O b5 6. Bb3 Be7 7. Re1 d6 8. c3 Na5 9. Bc2 c5 10. d4 Qc7 11. h3 h6 12. a4 b4 13. Nbd2 bxc3 14. bxc3 O-O 15. Nf1 cxd4 16. cxd4 Bb7 17. Ng3 Rfe8 18. Rb1 Bf8 19. d5 Reb8 20. Bd3 Bc8 21. Bd2 Rxb1 22. Qxb1 Nb7 23. Rc1 Nc5 24. Rc4 Rb8 25. Qc2 Qd8 26. Rxc5 dxc5 27. Nxe5 Ra8 28. Nc6 Qc7 29. Ba5 Qb7 30. Bc3 Ne8 31. e5 Bd7 32. Na5 Qc8 33. Qe2 g6 34. e6 fxe6 35. Qg4 exd5 36. Qxg6+ Bg7 37. Nh5 d4 38. Nxg7 Nxg7 39. Qh7+ Kf8 40. Bd2 Bf5 41. Bxf5 Nxf5 42. g4 Nd6 43. Bxh6+ Ke8 44. Qg6+ Kd7 45. Qg7+ Ke6 46. Bf4 Qf8 47. Qe5+ Kd7 48. Bg3 Rc8 49. Qd5 c4 50. Nb7 Rc6 51. Qxd4 c3 52. Bxd6 Rxd6 53. Nxd6 Qxd6 54. Qxc3 Qd1+ 55. Kg2 Qxa4 56. g5 a5 57. Qd3+ Ke7 58. Qh7+ Ke8 59. Qg6+ Kd8 60. Qf6+ Ke8 61. g6 Qe4+ 62. Kg3 Qe7 63. Qh8+ Kd7 64. Qd4+ Ke6 65. f4 Qf6 66. Qe4+ Kd6 67. Kg4 Qe6+ 68. Qxe6+ Kxe6 69. Kg5 a4 70. f5+ Ke7 71. f6+ Kf8 72. Kh6 1-0